000 00309nam a22001337a 4500
008 181003b xxu||||| |||| 00| 0 eng d
020 _a0198661061
041 _aeng
080 _a820
100 _a21
101 _aGJL
245 _aThe Oxford Companion to English Literature
_cHarvey,S.P
942 _2udc
_cBK
999 _c48819
_d48819